Investigación sobre el conocimiento humano predecida de la autobiografía titulada "Mi vida" /

"La fuente textual elegida tanto para llevar a cabo la traducción de la autobiografía (que titulamos Mi vida) como la de la Investigación ha sido la publicación de The Philosophical Works de Hume, en cuatro volúmenes, que preparó la editorial Scientia Verlag Aalen (Darmstadt, 1992) a par...

Ful tanımlama

Kaydedildi:
Detaylı Bibliyografya
Yazar: Hume, David, 1711-1776
Diğer Yazarlar: Sánchez., Antonio
Materyal Türü: Elektronik Ekitap
Dil:İspanyolca
İngilizce
Baskı/Yayın Bilgisi: Madrid : Biblioteca Nueva, 2002.
Seri Bilgileri:Clásicos del pensamiento (Biblioteca Nueva (Firm)) ; 20.
Digitalia eBook Collection: Biblioteca Nueva
Konular:
Online Erişim:Digitalia Hispánica
Etiketler: Etiketle
Etiket eklenmemiş, İlk siz ekleyin!

MARC

LEADER 00000nam a2200000Ia 4500
001 DIGBIN01520
003 NyNyDIG
006 m d
007 cr |||||||||||
008 051013s2002 sp ob 000 0 spa
020 |z 8497420373 (pbk.) 
020 |z 9788497420372 (pbk.) 
040 |a DGITA  |b eng  |e pn  |c DGITA 
041 1 |a spa  |h eng 
050 0 0 |a B1483 ebook 
100 1 |a Hume, David,   |d 1711-1776. 
240 1 0 |a Philosophical essays concerning human understanding.   |l Spanish 
245 1 0 |a Investigación sobre el conocimiento humano   |h [electronic resource] :  |b predecida de la autobiografía titulada "Mi vida" /  |c David Hume ; introducción, traducción y notas de Antonio Sánchez. 
246 3 |a Mi vida 
260 |a Madrid :  |b Biblioteca Nueva,   |c 2002.  |e (New York, NY. :  |f Digitalia Inc,   |g 2012). 
300 |a 1 online resource (206 p.) 
490 1 |a Clásicos del pensamiento ;  |v 20. 
500 |a Translations of: Enquiry concerning human understanding and My own life 
504 |a Includes bibliographical references (p. 31-32) and Chronology (p. [35]-52) 
506 |a Access restricted to subscribing institutions. 
520 |a "La fuente textual elegida tanto para llevar a cabo la traducción de la autobiografía (que titulamos Mi vida) como la de la Investigación ha sido la publicación de The Philosophical Works de Hume, en cuatro volúmenes, que preparó la editorial Scientia Verlag Aalen (Darmstadt, 1992) a partir de la edición londinense de Thomas Hill Green y Thomas Hodge Grose de 1882" (p. 29) 
600 1 0 |h ume, David,  |d 1711-1776.  |t Philosophical essays concerning human understanding 
600 1 0 |h ume, David,  |d 1711-1776.  |t My own life. 
650 0 |a Knowledge, Theory of  |v Early works to 1800. 
650 0 |a Ethics. 
655 0 |a Electronic books. 
700 1 |a Hume, David,   |d 1711-1776   |t My own life.   |l Spanish 
700 1 |a Sánchez., Antonio 
791 2 |a Digitalia (Firm),  |e distributor. 
830 0 |a Clásicos del pensamiento (Biblioteca Nueva (Firm)) ;  |v 20. 
830 0 |a Digitalia eBook Collection: Biblioteca Nueva 
856 4 0 |3 Digitalia Hispánica  |u https://digitalia.unach.elogim.com/a/4886/